| 000 | 01394nam a22003977a 4500 | ||
|---|---|---|---|
| 001 | 11958603 | ||
| 003 | OSt | ||
| 005 | 20210426101341.0 | ||
| 008 | 000330s2000 nyu 000 0 eng | ||
| 010 | _a 00037448 | ||
| 020 | _a0060958383 (pbk.) | ||
| 040 |
_aDLC _cDLC _dDLC _beng |
||
| 041 | _aeng | ||
| 042 | _apcc | ||
| 050 | 0 | 0 |
_aRC480.5 _b.Y338 2000 |
| 080 |
_a15 _bY-15 |
||
| 082 | 0 | 0 |
_a616.89/14 _221 |
| 100 | 1 |
_aYalom, Irvin D., _d1931- |
|
| 245 | 1 | 0 |
_aMomma and the meaning of life : _btales of psychotherapy / _c/ by: Perennial |
| 250 | _a1st Perennial edition | ||
| 260 |
_aNew York, NY : _bPerennial _c2000. |
||
| 300 |
_aix, 257 p. _c21 cm. |
||
| 365 | _b14 usd | ||
| 500 | _aWith new afterword. | ||
| 650 | 0 |
_aPsychotherapy _vCase studies. |
|
| 650 | 0 |
_aPsychology _9134 |
|
| 650 | 0 |
_aExistential psychotherapy _vCase studies. |
|
| 650 | 0 |
_aPsychotherapist and patient _vCase studies. |
|
| 650 | 0 |
_aPsychotherapy _xFiction. |
|
| 653 | _aფსიქოლოგია | ||
| 653 | _aფსიქოთერაპია | ||
| 856 | 4 | 2 |
_3Publisher description _uhttp://www.loc.gov/catdir/description/hc043/00037448.html |
| 906 |
_a7 _bcbc _corignew _d1 _eocip _f20 _gy-gencatlg |
||
| 942 |
_2udc _cBK _e1 |
||
| 999 |
_c1250 _d1250 |
||